000 00465nam a22001697a 4500
003 MPLRDC
005 20220104114732.0
008 210129b ||||| |||| 00| 0 eng d
082 _a524.961 JYCB v.5B
100 _a教育出版社有限公司编辑委员会华文组
245 _a教育文选. 第五册. 下
_c
250 _a初版
260 _a
_b教育出版社有限公司
_c1969
300 _b
650 _a中等教育
942 _cBK
_o524.961 JYCB v.5B
999 _c9810
_d9800